00299nam a2200121Ia 4500008004100000041000900041082001700050100002200067245003300089260003900122300000800161650000800169230718s9999 xx 000 0 und d aEng. a34202bMAH-P aMahmood, Ehtsham  0aPrinciples of Administration aPakistanbManzoor book housec2004 a125 aLaw